| 000 | 00679nam a2200217Ia 4500 | ||
|---|---|---|---|
| 008 | 170203s9999 xx 000 0 und d | ||
| 020 | _a9718781994 | ||
| 050 | _a413 | ||
| 050 | _bUp65 2001 | ||
| 245 | _aUP diksiyonaryong Filipino / | ||
| 245 | _cVirgilio S. Almario, punong editor. | ||
| 260 | _aPasig City : | ||
| 260 | _bSentro ng Wikang Filipino : Inilathala at ipinamamahagi ng Anvil Pub. | ||
| 300 | _axviii, 961 pages ; | ||
| 300 | _c29 cm. | ||
| 650 | _aFilipino language -- Dictionaries -- Polyglot. | ||
| 650 | _aFilipino language. | ||
| 650 | _aLanguage and languages. | ||
| 650 | _aPhilippines -- Languages -- Dictionaries. | ||
| 650 | _aPhilippines. | ||
| 999 |
_c305847 _d305847 |
||